|
|
|
|
| LEADER |
00000cam a2200000Mu 4500 |
| 001 |
EBOOKCENTRAL_on1237400179 |
| 003 |
OCoLC |
| 005 |
20240329122006.0 |
| 006 |
m o d |
| 007 |
cr ||||||||||| |
| 008 |
210213s2005 sp o ||| 0 spa d |
| 040 |
|
|
|a EBLCP
|b eng
|c EBLCP
|d EBLCP
|d REDDC
|d SFB
|d OCLCF
|d OCLCQ
|d OCLCO
|d OCLCQ
|d OCLCL
|
| 020 |
|
|
|a 9783964562715
|
| 020 |
|
|
|a 3964562718
|
| 029 |
1 |
|
|a AU@
|b 000069440169
|
| 035 |
|
|
|a (OCoLC)1237400179
|
| 050 |
|
4 |
|a F1401
|b .L358 2005
|
| 080 |
|
|
|a 821.134.2(72) Aridjis, Homero.09
|
| 082 |
0 |
4 |
|a 860
|2 23
|
| 049 |
|
|
|a UAMI
|
| 100 |
1 |
|
|a Stauder, Thomas.
|
| 245 |
1 |
0 |
|a La Luz Queda en el Aire
|h [electronic resource] :
|b Estudios Internacionales en Torno a Homero Aridjis.
|
| 260 |
|
|
|a Madrid :
|b Iberoamericana Editorial Vervuert,
|c 2005.
|
| 300 |
|
|
|a 1 online resource (318 p.).
|
| 490 |
1 |
|
|a Estudios Latinoamericanos de Erlangen Ser. ;
|v v.48
|
| 500 |
|
|
|a Description based upon print version of record.
|
| 505 |
0 |
|
|a LA LUZ QUEDA EN EL AIRE"" ESTUDIOS INTERNACIONALES EN TORNO A HOMERO ARIDJIS -- PÁGINA LEGAL -- ÍNDICE -- INTRODUCCIÓN: PRESENTACIÓN DE LOS ARTÍCULOS Y CONSIDERACIONES SOBRE LA EPIFANÍA EN LA OBRA DE HOMERO ARIDJIS -- ENTREVISTAS -- CON HOMERO ARIDJIS: PRESIDENTE DEL PEN INTERNACIONAL -- UN COLOQUIO CON HOMERO ARIDJIS -- SOBRE HOMERO ARIDJIS COMO DEFENSOR DEL MEDIO AMBIENTE -- HOMERO ARIDJIS Y LA ECOLOGÍA -- SOBRE LA POESÍA DE HOMERO ARIDJIS -- LA POESÍA DE ARIDJIS: VER PARA CREAR -- HOMERO ARIDJIS Y LA MUDEZ LÍRICA -- HOMERO ARIDJIS, EL HOMBRE QUE HABLA CON LOS ÁNGELES
|
| 505 |
8 |
|
|a PANEROTISMO EN LA POESÍA DE HOMERO ARIDJIS -- MÁS ALLÁ DE LAS PALABRAS: LA POESÍA METAFÍSICA DE HOMERO ARIDJIS -- QUÉ TIENEN ESOS OJOS DE HOMERO ARIDJIS, QUE SON DE OTRO MIRAR -- LA CIUDAD DE MÉXICO EN LA POESÍA DE HOMERO ARIDJIS -- SOBRE LA NARRATIVA DE HOMERO ARIDJIS -- ARIDJIS MILENARIO: UNIDAD TEMÁTICA Y ESTÉTICA DE SU OBRA NARRATIVA -- EL ÚLTIMO ADÁN: VISIÓN APOCALÍPTICA DE LA CIUDAD EN LA NARRATIVA DE HOMERO ARIDJIS -- PENSAR LA NACIÓN MEXICANA A TRAVÉS DEL APOCALIPSIS ECOLÓGICO EN DOS NOVELAS DISTÓPICAS DE HOMERO ARIDJIS -- SIGNIFICACIONES DE LA MEMORIA EN LA NARRATIVA DE HOMERO ARIDJIS
|
| 505 |
8 |
|
|a ENTRE LA HISTORIA Y EL OLVIDO: MEMORIAS QUE CAUSAN LITERATURA ESCAPANDO DE LAS LETRAS -- EL ONIRISMO EN LA PINTURA DE ESPAÑA SEGÚN HOMERO ARIDJIS: UNA PERSPECTIVA COMPARATISTA -- LA MONTAÑA DE LAS MARIPOSAS -- LA SANTA MUERTE DE HOMERO ARIDJIS -- SOBRE EL TEATRO DE HOMERO ARIDJIS -- REFLEXIONES ACERCA DE GRAN TEATRO DEL FIN DEL MUNDO DE HOMERO ARIDJIS -- APÉNDICES -- HOMERO ARIDJIS: CURRICULUM VITAE -- HOMERO ARIDJIS: BIBLIOGRAFÍA DE SUS OBRAS PRINCIPALES -- ARTÍCULOS DE HOMERO ARIDJIS EN REFORMA (MÉXICO, D.F) -- ARTÍCULOS EN ESPAÑOL DE HOMERO ARIDJIS EN OTROS PERIÓDICOS
|
| 505 |
8 |
|
|a ARTÍCULOS DE HOMERO ARIDJIS EN INGLÉS, FRANCÉS Y ALEMÁN -- HOMERO ARIDJIS: PREMIOS Y DISTINCIONES -- AUTORAS Y AUTORES DEL LIBRO
|
| 520 |
|
|
|a Amplia compilación de textos críticos sobre el escritor mexicano en seis apartados: entrevistas con el autor, su labor ecologista, obra narrativa, poética y teatral, y una completa bibliografía que incluye sus artículos de prensa.
|
| 590 |
|
|
|a ProQuest Ebook Central
|b Ebook Central Academic Complete
|
| 600 |
1 |
0 |
|a Aridjis, Homero
|x Criticism and interpretation.
|
| 600 |
1 |
7 |
|a Aridjis, Homero
|2 fast
|1 https://id.oclc.org/worldcat/entity/E39PBJy4fg33pJPGM4q6rJvT73
|
| 650 |
|
0 |
|a Spanish American literature.
|
| 650 |
|
6 |
|a Littérature hispano-américaine.
|
| 650 |
|
7 |
|a Spanish American literature
|2 fast
|
| 655 |
|
7 |
|a Criticism, interpretation, etc.
|2 fast
|
| 758 |
|
|
|i has work:
|a La luz queda en el aire (Text)
|1 https://id.oclc.org/worldcat/entity/E39PCFxwkYPcRKbC8RcjcgYhQC
|4 https://id.oclc.org/worldcat/ontology/hasWork
|
| 776 |
0 |
8 |
|i Print version:
|a Stauder, Thomas
|t La Luz Queda en el Aire
|d Madrid : Iberoamericana Editorial Vervuert,c2005
|z 9788484892106
|
| 830 |
|
0 |
|a Estudios Latinoamericanos de Erlangen Ser.
|
| 856 |
4 |
0 |
|u https://ebookcentral.uam.elogim.com/lib/uam-ebooks/detail.action?docID=6469167
|z Texto completo
|
| 938 |
|
|
|a ProQuest Ebook Central
|b EBLB
|n EBL6769759
|
| 938 |
|
|
|a ProQuest Ebook Central
|b EBLB
|n EBL6469167
|
| 994 |
|
|
|a 92
|b IZTAP
|